Una breve historia del tiempo : (Registro nro. 4632)

Detalles MARC
000 -LEADER
fixed length control field 01179nam a2200289Ia 4500
003 - CONTROL NUMBER IDENTIFIER
control field OSt
005 - DATE AND TIME OF LATEST TRANSACTION
control field 20200924110437.0
008 - FIXED-LENGTH DATA ELEMENTS--GENERAL INFORMATION
fixed length control field 191128s1995 sp a gr 000 0 spa d
020 ## - INTERNATIONAL STANDARD BOOK NUMBER
International Standard Book Number 9586390489
040 ## - CATALOGING SOURCE
Original cataloging agency CO-JMCR
Transcribing agency CO-JMCR
041 0# - LANGUAGE CODE
Language code of text/sound track or separate title spa
082 04 - DEWEY DECIMAL CLASSIFICATION NUMBER
Classification number 523.1 /
Item number H392h
Edition number 23
100 1# - MAIN ENTRY--PERSONAL NAME
Personal name Hawking, Stephen,
Dates associated with a name 1942-2018,
Relator term autor
9 (RLIN) 10783
245 14 - TITLE STATEMENT
Title Una breve historia del tiempo :
Remainder of title del big-bang a los agujeros negros /
Statement of responsibility, etc. Stephen Hawking, Carl Sagan, Ron Miller, [y otro 1]
250 ## - EDITION STATEMENT
Edition statement Octava edición
260 ## - PUBLICATION, DISTRIBUTION, ETC.
Place of publication, distribution, etc. Barcelona :
Name of publisher, distributor, etc. Editorial Crítica,
Date of publication, distribution, etc. 1995.
300 ## - PHYSICAL DESCRIPTION
Extent 245 páginas :
Other physical details ilustraciones a blanco y negro ;
Dimensions 22 cm.
490 0# - SERIES STATEMENT
Series statement Crítica
500 ## - GENERAL NOTE
General note Incluye índice alfabético.
505 0# - FORMATTED CONTENTS NOTE
Formatted contents note Nuestra imagen del universo -- Espacio y tiempo -- El universo en expansión -- El principio de incertidumbre -- Las partículas elementales y las fuerzas de la naturaleza -- los agujeros negros -- Los agujeros nogros no son tan negros
650 24 - SUBJECT ADDED ENTRY--TOPICAL TERM
Topical term or geographic name entry element Cosmología
9 (RLIN) 45
650 24 - SUBJECT ADDED ENTRY--TOPICAL TERM
Topical term or geographic name entry element Espacio y tiempo Hora
9 (RLIN) 10784
650 24 - SUBJECT ADDED ENTRY--TOPICAL TERM
Topical term or geographic name entry element Física
9 (RLIN) 10785
700 ## - ADDED ENTRY--PERSONAL NAME
Personal name Sagan, Carl,
Relator term autor
9 (RLIN) 10786
700 1# - ADDED ENTRY--PERSONAL NAME
Personal name Miller, Ron,
Relator term autor
9 (RLIN) 10787
942 ## - ADDED ENTRY ELEMENTS (KOHA)
Source of classification or shelving scheme Dewey Decimal Classification
Koha item type Books
Existencias
Withdrawn status Lost status Source of classification or shelving scheme Materials specified (bound volume or other part) Damaged status Not for loan Home library Current library Shelving location Date acquired Source of acquisition Total Checkouts Total Renewals Full call number Barcode Date last seen Date last checked out Copy number Price effective from Koha item type
    Dewey Decimal Classification Donación--15/04/2018--     Biblioteca Pública José María del Castillo y Rada Biblioteca Pública José María del Castillo y Rada General Stacks 11/28/2019 Donación 1 1 523.1 / H392h 201809574 05/16/2024 11/01/2022 Ej.1 11/28/2019 Books